000 00592nam a22001937a 4500
999 _c7429
_d7429
003 OSt
005 20211110104501.0
008 211110b ||||| |||| 00| 0 eng d
020 _a9780415547871
040 _cDDC
082 _a363.8 FAM 2007
100 _aedited by: Stephen, Devereux
_915212
245 _aThe new famines :
_bwhy famines persist in an era of globalization.
260 _aLondon ; New York :
_bRoutledge,
_c2007
300 _axxii, 367 p. :
_b ill. ;
_c24 cm
504 _aIncludes bibliographical references and index.
650 _aFamines
_915213
942 _2ddc
_cBOOK